| 000 | 00899nam a2200289Ia 4500 | ||
|---|---|---|---|
| 003 | OSt | ||
| 005 | 20220912144926.0 | ||
| 006 | a|||||r|||| 00| 0 | ||
| 007 | ta | ||
| 008 | 220909b |||||||| |||| 00| 0 eng d | ||
| 020 | _a9780120884261 (hbd) | ||
| 024 | _a123113 | ||
| 037 | _b348, 01/03/2011, N R Book Distributors | ||
| 037 | _cTextbook | ||
| 040 |
_aCSL _beng _cCSL |
||
| 041 | _aeng | ||
| 082 | _aI22, P5;1 TI | ||
| 100 | _aAndersen Robert A Ed. | ||
| 245 | 0 | _aAlgal culturing techniques | |
| 260 |
_aAmsterdam _bElsevier _c2005 |
||
| 300 |
_aix, 578p. _ccm. |
||
| 500 | _aIncludes bibliographical references.; Appendices 429-538p.; Glossary 539-544p.; Index 545-578p. | ||
| 650 | _a Algal culture | ||
| 650 | _aBotany | ||
| 942 |
_hI22, P5;1 TI _cTB _2CC |
||
| 999 |
_c19167 _d19167 |
||